00430nam a22001577a 450000500170000001000140001702000110003103500130004203700130005508200080006824500630007626000310013927000480017030000330021870000210025120100812141319.0 aENG-99991 c225.00 aEN-83523 bDBAD/PUB a883 aFamous mysteries /cedited and compiled by Roshi M. Bhatia aDelhibShiksha Kiranc2008 a6/85, Karkari Road, ShahdarabDelhie110032 a262p.c22cm (Hb)eb&w photos aBhatia, Roshi M.